How To Master SKills For The TOEFL iBT Reading / Reading Advanced

Сохранить в:
Библиографические подробности
Главный автор: Hall,Timothy
Формат:
Язык:English
Опубликовано: Nhân Trí Việt, Tổng Hợp TPHCM 2010.
Предметы:
Метки: Добавить метку
Нет меток, Требуется 1-ая метка записи!
Thư viện lưu trữ: Mạng thư viện Đại học Đà Nẵng
LEADER 01063cam a22003011a 4500
001 000035182
003 11455
005 20210327110433.0
008 151105s2010 000 eng
020 |a 9786048554477 
041 |a eng 
082 |a 420.8  |b HA-T 
100 |a Hall,Timothy 
245 0 |a How To Master SKills For The TOEFL iBT Reading /  |c Timothy Hall; Arthur H. Milch...  |n Reading Advanced 
260 |b Tổng Hợp TPHCM  |a Nhân Trí Việt,  |c 2010. 
300 |a 316tr: :  |b nh. ;  |c 28cm. 
650 |a How To Master SKills For The TOEFL iBT Reading 
653 |a TOEFL ibt  |a Reading Advanced  |a Reading 
OWN |a LNN 
902 |a TKA 
AVA |a UDN50  |b LNN  |c English  |e available  |t Error 5001 Not defined in file expand_doc_bib_avail.  |f 9  |g 0  |h N  |i 3  |j AN 
999 |a From the UDN01 
AVA |a UDN50  |b LNN  |c English  |e available  |t Error 5001 Not defined in file expand_doc_bib_avail.  |f 9  |g 0  |h N  |i 3  |j AN 
TYP |a Monograph 
TYP |a Printed language 
980 |a Mạng thư viện Đại học Đà Nẵng